000 00350nam a2200133Ia 4500
008 240624s9999 xx 000 0 und d
041 _aeng
082 _a658.401 CHA
100 _aCHAMBERS K DENNIS
245 _aHOW TOYOTA CHANGED THE WORLD
260 _c2012
_aNew Delhi
_bJaico Publishing House
300 _aix, 132 p.; 23 cm.
365 _cRS
_b35
999 _c29689
_d29689